000 00577nam a22001697a 4500
003 OSt
005 20171010095437.0
008 120522t xxu||||| |||| 00| 0 eng d
040 _aMMSU
_cULS
100 _aGaldiano, Salome M.
_99636
245 _aPollution monitoring in Quiaoit river, Batac, Ilocos Norte using allium test
_cSalome M. Galdiano
260 _c2007
300 _axiv, 33 leaves
_c28 cm.
500 _aThesis (BS Biology) -- Mariano Marcos State University-College of Arts and Sciences, Batac City
504 _aBibliography: leaves 24-25
942 _2ddc
_cTHEDIS
999 _c9519
_d9519